|
|
|
|
| LEADER |
01318nam a2200349 a 4500 |
| 001 |
35361 |
| 003 |
BD-DhAAL |
| 005 |
20211129124445.0 |
| 008 |
190911t19891988enka b 001 0 eng d |
| 999 |
|
|
|c 41201
|d 41201
|
| 020 |
|
|
|a 0415005868
|
| 020 |
|
|
|a 0415042127 (pbk)
|
| 035 |
|
|
|a (NIC)notisAHP5248
|
| 035 |
|
|
|a (OCoLC)17951957
|
| 035 |
|
|
|a 1613251
|
| 040 |
|
|
|a Uk
|c Uk
|d DLC
|d CStRLIN
|d PPT
|d NIC
|d BD-DhAAL
|
| 043 |
|
|
|a e-uk---
|
| 082 |
0 |
4 |
|a 372.1200941
|2 19
|
| 100 |
1 |
|
|a Bell, Les.
|9 34391
|
| 245 |
1 |
0 |
|a Management skills in primary schools /
|c Les Bell.
|
| 260 |
|
|
|a London :
|b Routledge,
|c 1989,c1988.
|
| 300 |
|
|
|a xii, 292 pages :
|b illustrations ;
|c 22 cm.
|
| 490 |
|
|
|a Educational management series.
|
| 504 |
|
|
|a Includes bibliographical references (p. 279-287) and index.
|
| 526 |
|
|
|a BIED
|
| 541 |
|
|
|a Complimentary copy from BIED
|e 35361
|
| 650 |
|
0 |
|a Elementary schools
|z Great Britain
|x Administration.
|9 34392
|
| 650 |
|
7 |
|a Elementary school administration
|9 34393
|
| 651 |
|
7 |
|a Great Britain
|9 34394
|
| 852 |
|
|
|a Ayesha Abed Library
|c BIED Collection
|
| 942 |
|
|
|2 ddc
|c BK
|
| 952 |
|
|
|0 0
|1 0
|2 ddc
|4 0
|6 372_120094100000000_BEL
|7 0
|9 66233
|a BRACUL
|b BRACUL
|c GEN
|d 2019-09-11
|e Complimentary copy from BIED
|l 0
|o 372.1200941 BEL
|p 3010035361
|r 2019-09-11
|t 1
|w 2019-09-11
|y BK
|x Transferred from BIED to General Stacks
|